|
|
|
|
| LEADER |
00876nam a2200229 a 4500 |
| 001 |
00025127 |
| 008 |
120531r20121996enka j 000 1 eng |
| 020 |
|
|
|a 9780194220118
|
| 040 |
|
|
|a BD-DhAAL
|c BD-DhAAL
|
| 082 |
0 |
4 |
|a 428.6
|
| 999 |
|
|
|c 12306
|d 12306
|
| 999 |
|
|
|c 12306
|
| 245 |
1 |
0 |
|a Sleeping Beauty /
|c edited by Sue Arengo ;[illustrated by Jan Nesbitt].
|
| 260 |
|
|
|a Oxford :
|b Oxford University Press,
|c c1996.[reprinted 2012]
|
| 300 |
|
|
|a 23 p. :
|b col. ill. ;
|c 25cm.
|
| 490 |
1 |
|
|a Classic tales ;
|v Elementary 2
|
| 541 |
1 |
|
|e 00025127
|
| 650 |
|
0 |
|a Readers (Elementary)
|9 1819
|
| 700 |
1 |
|
|a Arengo, Sue
|9 1820
|
| 852 |
1 |
|
|a Ayesha Abed library
|c General Shelf
|
| 942 |
|
|
|2 ddc
|c AV
|
| 952 |
|
|
|0 0
|1 0
|2 ddc
|4 0
|6 428_600000000000000_SLE
|7 0
|9 20348
|a BRACUL
|b BRACUL
|d 2012-05-31
|e 1
|l 3
|o 428.6 SLE
|p 3010025127
|r 2025-04-16
|s 2024-12-12
|t 1
|w 2012-05-31
|y BK
|x Transferred from BIL to BRACUL on 06/06/22
|